000 00649nas a2200217 4500
001 BR9603488
003 BR-BrBNA
005 20231205094827.0
007 ta
008 230509b bl.|||p| |||| 00| 00por d
040 _aBR-BrBNA
_bpor
_cBiblioteca Nacional de Agricultura
041 _a(Pt)
072 _aL01
100 1 _aGrigoletti, C.
245 1 _aResultados beneficos ligados a utilizacao de um programa luminoso em frangos de corte
650 _aFrango de Corte
650 _aIluminacao
773 0 _tRevista Batavo (Brazil)
_x
_g(Oct 1993), v. 2(24) p. 4
_wBR9603488
909 _a202311
_bLúcia
_c55
_dLúcia Elande
942 _2AGRIS
_n0
_cANA
999 _c147114
_d147114